Hermaphroditism in the rubber tree Hevea brasiliensis (Willd. ex Adr. de Juss.) Muell. Arg. II. (Record no. 60281)

MARC details
000 -LEADER
fixed length control field 00417nam a2200133Ia 4500
100 ## - MAIN ENTRY--AUTHOR NAME
Personal name Cuco Silvia Marina
245 #0 - TITLE STATEMENT
Title Hermaphroditism in the rubber tree Hevea brasiliensis (Willd. ex Adr. de Juss.) Muell. Arg. II.
260 ## - PUBLICATION, DISTRIBUTION, ETC. (IMPRINT)
Name of publisher Genetics and Molecular Biology
Year of publication 1998
300 ## - PHYSICAL DESCRIPTION
Number of Pages 523-526
650 ## - SUBJECT ADDED ENTRY--TOPICAL TERM
Topical Term Hevea brasiliensis
700 ## - ADDED ENTRY--PERSONAL NAME
Personal name Bandel Gerhard
942 ## - ADDED ENTRY ELEMENTS (KOHA)
Koha item type Journals
Holdings
Withdrawn status Lost status Damaged status Not for loan Home library Current library Shelving location Date acquired Serial Enumeration / chronology Koha item type
      Journals RRII Library RRII Library Botany 15/06/1999 Volume 21, Issue 4 Journals